| 000 | 00571nam a22002057a 4500 | ||
|---|---|---|---|
| 999 |
_c4032 _d4032 |
||
| 003 | OSt | ||
| 005 | 20230418164604.0 | ||
| 008 | 160513b xxu||||| |||| 00| 0 eng d | ||
| 020 | _a0520035933 | ||
| 040 | _cDDC. | ||
| 082 | _aQS 504 E64v1978. | ||
| 100 |
_aEakin, Richard M. _98793 |
||
| 245 | _aVertebrate Embryology: a labalatory manual. | ||
| 250 | _a3rd ed. | ||
| 260 |
_aEngland; _bUniversity of Califonia Press. _c1978. |
||
| 300 |
_axi,269p; _bill; _c18cm. |
||
| 504 | _aBibliography and index are included. | ||
| 650 |
_aEmbryology _95602 |
||
| 942 |
_2ddc _cSLOAN |
||